| 000 | 00720nam a2200229Ia 4500 | ||
|---|---|---|---|
| 001 | 3149 | ||
| 003 | GE_BSU | ||
| 008 | 181216s||||||||xx |||||||||||||| ||und|| | ||
| 040 | _cGE_BSU | ||
| 080 | _a628.9(075.8) | ||
| 100 | _aГуторов,М.М. | ||
| 245 | _aОсновы светотехники и источники света. | ||
| 245 | _bУчебник для вузов. | ||
| 245 | _cред.Л.И.Крупенникова. | ||
| 250 | _aИзд 2-ое. перераб.и доп. | ||
| 260 | _aМ. | ||
| 260 | _bЭнергоатомиздат. | ||
| 260 | _c1983. | ||
| 300 | _a384 стр. с илл. | ||
| 653 | _aОсновы светотехники и источники света. | ||
| 942 | _cBK | ||
| 999 |
_c37193 _d37193 |
||